Mahaziraat-e-Qurani (Record no. 327982)

000 -LEADER
fixed length control field 00337 a2200133 4500
001 - CONTROL NUMBER
control field 92909
003 - CONTROL NUMBER IDENTIFIER
control field NUST
005 - DATE AND TIME OF LATEST TRANSACTION
control field 20180120143055.0
008 - FIXED-LENGTH DATA ELEMENTS--GENERAL INFORMATION
fixed length control field 180120b xxu||||| |||| 00| 0 eng d
082 ## - DEWEY DECIMAL CLASSIFICATION NUMBER
Classification number 297.122 GHA
100 ## - MAIN ENTRY--PERSONAL NAME
Personal name Dr. Mehmood Ahmed Ghazi
9 (RLIN) 9222
245 ## - TITLE STATEMENT
Title Mahaziraat-e-Qurani
Medium Urdu
250 ## - EDITION STATEMENT
Edition statement 1st
260 ## - PUBLICATION, DISTRIBUTION, ETC.
Place of publication, distribution, etc. Lahore
Name of publisher, distributor, etc. Al Faisal Nashiraan wo Tajiraan-e-Qutub
Date of publication, distribution, etc. 2016
300 ## - PHYSICAL DESCRIPTION
Extent 343
942 ## - ADDED ENTRY ELEMENTS (KOHA)
Institution code [OBSOLETE] 297.122 GHA
Koha item type Book
Call number prefix NUST CAE
Source of classification or shelving scheme
Holdings
Withdrawn status Lost status Damaged status Not for loan Collection code Permanent Location Current Location Date acquired Total Checkouts Full call number Barcode Date last seen Price effective from Koha item type
          College of Aeronautical Engineering (CAE) College of Aeronautical Engineering (CAE) 04/03/2017   NUST CAE CAE88863 04/05/2017 04/05/2017 Book
© 2023 Central Library, National University of Sciences and Technology. All Rights Reserved.